000 00899cab a2200277 4500
001 ABS54255
008 090401t1996 xxu||||| |||| 00| 0 eng d
035 _a(Sirsi) u9321
041 _aeng
100 _aJerram, D.
245 _aFacts and figures
260 _c1996
350 _a0
490 _aNew Civil Engineer
_v18 January 1996, 26-27(2)
520 _aDiscusses case law involving negligence misrepresentation of facts to contractors.
650 _aCONTRACTORS
650 _aHOWARD MARINE & DREDGING CO LTD V OGDEN & SONS (EXCAVATIONS) LTD
650 _aICE CONDITIONS OF CONTRACT (FIFTH EDITION)
650 _aKINGSTON-UPON-HULL CC V STEPNEY CONTRACTORS LTD
650 _aMISREPRESENTATION
650 _aMORRISON KNUDSEN INTERNATIONAL V STATE OF ALASKA
650 _aNEGLIGENCE
690 _aBUILT ENVIRONMENT-BUILDING CONTRACT FORMS
942 _n0
948 _c04/03/1997
999 _c5803
_d5803